Famous People from the 6th Century AD - Statistics

General Stats
  • This quiz has been taken 58 times
  • The average score is 5 of 13
Answer Stats
Hint Answer % Correct
Founder of Islam Muhammad
93%
King of Byzantium, who conquered Rome and Northern Africa and build the Hagia Sophia Justinian I
80%
This legendary King of Britain might have lived in this century King Arthur
78%
His wife and advisor, who made from dancer and actress to empress Theodora
55%
Founder of Monte Cassino and a monastic order named after him Benedict of Nursia
53%
Pope, who greatly strenghtened the papal influence and is considered a Doctor of the Church Gregory I
40%
Byzantine general, who defeated the Persians and conquered Carthage and Rome Belisar
33%
Great persian king, art and science flourished under his reign Khosrow I
23%
Philosopher, who wrote about the "Wheel of Fortune" Boethius
20%
Historian, who wrote about Byzantiums efforts to reconqueror the Roman Empire and demonized his Emperor and Empress in his "Secret History" Procopius
13%
His son, who had the high aristocracy and Zoroastrian priesthood slaughtered Hormizd IV
5%
Founder of the Sui dynasty, which unified China Wen of Sui
5%
Inventor/Discoverer of the number zero Aryabhata
3%
No matching quizzes found
Score Distribution
Percent of People with Each Score
Percentile by Number Answered
Your Score History
You have not taken this quiz